[Event "Stay Safe Play From Home 297"]
[Site "Emanuel Lasker Arena"]
[Date "2020.07.14"]
[Round "8"]
[White "Fischer_11"]
[Black "Buzaglo"]
[Result "1-0"]
[WhiteElo "2056"]
[BlackElo "1784"]
[Annotator "NA"]
[PlyCount "141"]
[EventDate "2020.07.14"]
[EventType "swiss (blitz)"]

1. e4 {[%emt 0:00:10]} e6 {[%emt 0:00:00]} 2. d4 {[%emt 0:00:01]} d5 {[%emt 0:00:00]} 3. Nd2 {[%emt 0:00:00]} c5 {[%emt 0:00:00]} 4. c3 {[%emt 0:00:01]} cxd4 {[%emt 0:00:00]} 5. cxd4 {[%emt 0:00:01]} Nc6 {[%emt 0:00:00]} 6. exd5 {[%emt 0:00:01]} exd5 {[%emt 0:00:00]} 7. Ngf3 {[%emt 0:00:01]} Nf6 {[%emt 0:00:00]} 8. Bd3 {[%emt 0:00:00]} Bd6 {[%emt 0:00:00]} 9. O-O {[%emt 0:00:00]} O-O {[%emt 0:00:00]} 10. Re1 {[%emt 0:00:00]} Bg4 {[%emt 0:00:01]} 11. Qe2 {[%emt 0:00:00]} Re8 {[%emt 0:00:01]} 12. Qf1 {[%emt 0:00:01]} Rxe1 {[%emt 0:00:01]} 13. Qxe1 {[%emt 0:00:00]} Nb4 {[%emt 0:00:01]} 14. Bb1 {[%emt 0:00:02]} Ne4 {[%emt 0:00:02]} 15. a3 {[%emt 0:00:00]} Nxd2 {[%emt 0:00:01]} 16. Nxd2 {[%emt 0:00:03]} Nc6 {[%emt 0:00:04]} 17. h3 {[%emt 0:00:02]} Bh5 {[%emt 0:00:02]} 18. g4 {[%emt 0:00:00]} Bg6 {[%emt 0:00:01]} 19. Bxg6 {[%emt 0:00:01]} hxg6 {[%emt 0:00:00]} 20. Nf3 {[%emt 0:00:02]} Qf6 {[%emt 0:00:01]} 21. Qc3 {[%emt 0:00:02]} Rc8 {[%emt 0:00:02]} 22. Qd3 {[%emt 0:00:01]} Bf4 {[%emt 0:00:04]} 23. Bxf4 {[%emt 0:00:02]} Qxf4 {[%emt 0:00:00]} 24. Kg2 {[%emt 0:00:00]} Qd6 {[%emt 0:00:03]} 25. Re1 {[%emt 0:00:01]} Ne7 {[%emt 0:00:01]} 26. Ne5 {[%emt 0:00:03]} Nc6 {[%emt 0:00:02]} 27. Nxc6 {[%emt 0:00:02]} bxc6 {[%emt 0:00:01]} 28. Qe3 {[%emt 0:00:00]} Rb8 {[%emt 0:00:01]} 29. Qe7 {[%emt 0:00:02]} Qd8 {[%emt 0:00:06]} 30. Qxa7 {[%emt 0:00:02]} Rxb2 {[%emt 0:00:01]} 31. Re7 {[%emt 0:00:01]} Qf8 {[%emt 0:00:00]} 32. Qc7 {[%emt 0:00:04]} Rd2 {[%emt 0:00:01]} 33. Rd7 {[%emt 0:00:01]} Rxd4 {[%emt 0:00:01]} 34. Rd8 {[%emt 0:00:01]} Re4 {[%emt 0:00:02]} 35. Rxf8+ {[%emt 0:00:02]} Kxf8 {[%emt 0:00:00]} 36. Qxc6 {[%emt 0:00:00]} f6 {[%emt 0:00:02]} 37. Qxd5 {[%emt 0:00:01]} Re7 {[%emt 0:00:01]} 38. Qd6 {[%emt 0:00:01]} Kf7 {[%emt 0:00:00]} 39. Qxe7+ {[%emt 0:00:01]} Kxe7 {[%emt 0:00:01]} 40. a4 {[%emt 0:00:00]} Kd6 {[%emt 0:00:00]} 41. a5 {[%emt 0:00:00]} Kc6 {[%emt 0:00:00]} 42. Kg3 {[%emt 0:00:00]} Kb5 {[%emt 0:00:00]} 43. h4 {[%emt 0:00:00]} Kxa5 {[%emt 0:00:00]} 44. h5 {[%emt 0:00:00]} gxh5 {[%emt 0:00:01]} 45. gxh5 {[%emt 0:00:00]} Kb5 {[%emt 0:00:00]} 46. Kg4 {[%emt 0:00:00]} Kc5 {[%emt 0:00:01]} 47. Kf5 {[%emt 0:00:00]} Kd6 {[%emt 0:00:01]} 48. Kg6 {[%emt 0:00:00]} Ke7 {[%emt 0:00:01]} 49. Kxg7 {[%emt 0:00:00]} Ke6 {[%emt 0:00:00]} 50. h6 {[%emt 0:00:00]} f5 {[%emt 0:00:00]} 51. h7 {[%emt 0:00:00]} Ke5 {[%emt 0:00:00]} 52. h8=Q {[%emt 0:00:00]} Ke4 {[%emt 0:00:00]} 53. Qf8 {[%emt 0:00:00]} Kf3 {[%emt 0:00:00]} 54. Qf7 {[%emt 0:00:00]} f4 {[%emt 0:00:00]} 55. Qf5 {[%emt 0:00:00]} Kxf2 {[%emt 0:00:03]} 56. Qxf4+ {[%emt 0:00:01]} Ke2 {[%emt 0:00:00]} 57. Qg5 {[%emt 0:00:00]} Kd3 {[%emt 0:00:00]} 58. Kf6 {[%emt 0:00:00]} Kc2 {[%emt 0:00:00]} 59. Ke5 {[%emt 0:00:00]} Kd3 {[%emt 0:00:00]} 60. Qf5+ {[%emt 0:00:00]} Kc3 {[%emt 0:00:01]} 61. Qf4 {[%emt 0:00:00]} Kd3 {[%emt 0:00:01]} 62. Qe4+ {[%emt 0:00:00]} Kc3 {[%emt 0:00:00]} 63. Qd4+ {[%emt 0:00:00]} Kb3 {[%emt 0:00:01]} 64. Qe3+ {[%emt 0:00:00]} Kc2 {[%emt 0:00:00]} 65. Kd5 {[%emt 0:00:00]} Kb2 {[%emt 0:00:00]} 66. Kd4 {[%emt 0:00:00]} Kc2 {[%emt 0:00:00]} 67. Kc4 {[%emt 0:00:00]} Kb2 {[%emt 0:00:00]} 68. Qd3 {[%emt 0:00:00]} Kc1 {[%emt 0:00:01]} 69. Qe2 {[%emt 0:00:00]} Kb1 {[%emt 0:00:01]} 70. Kb3 {[%emt 0:00:00]} Ka1 {[%emt 0:00:00]} 71. Qb2# {[%emt 0:00:00] (Lag: Av=0.46s, max=1.2s)} 1-0

[Event "Stay Safe Play From Home 297"]
[Site "Emanuel Lasker Arena"]
[Date "2020.07.14"]
[Round "8"]
[White "Sfantul321"]
[Black "Klasman"]
[Result "1-0"]
[WhiteElo "1975"]
[BlackElo "1323"]
[Annotator "NA"]
[PlyCount "65"]
[EventDate "2020.07.14"]
[EventType "swiss (blitz)"]

1. c4 {[%emt 0:00:00]} f5 {[%emt 0:00:01]} 2. Nc3 {[%emt 0:00:00]} Nf6 {[%emt 0:00:01]} 3. g3 {[%emt 0:00:00]} e6 {[%emt 0:00:01]} 4. Bg2 {[%emt 0:00:00]} c6 {[%emt 0:00:02]} 5. e3 {[%emt 0:00:00]} d5 {[%emt 0:00:01]} 6. Nge2 {[%emt 0:00:00]} dxc4 {[%emt 0:00:02]} 7. d4 {[%emt 0:00:01]} cxd3 {[%emt 0:00:02]} 8. Nf4 {[%emt 0:00:01]} Bb4 {[%emt 0:00:02]} 9. Nxd3 {[%emt 0:00:02]} Bxc3+ {[%emt 0:00:01]} 10. bxc3 {[%emt 0:00:01]} O-O {[%emt 0:00:01]} 11. O-O {[%emt 0:00:01]} Nbd7 {[%emt 0:00:02]} 12. Bb2 {[%emt 0:00:01]} Nb6 {[%emt 0:00:01]} 13. Qc2 {[%emt 0:00:01]} Nbd5 {[%emt 0:00:02]} 14. c4 {[%emt 0:00:01]} Ne7 {[%emt 0:00:03]} 15. Ba3 {[%emt 0:00:01]} Rf7 {[%emt 0:00:02]} 16. Rfd1 {[%emt 0:00:01]} Qc7 {[%emt 0:00:04]} 17. Nf4 {[%emt 0:00:02]} e5 {[%emt 0:00:02]} 18. Bd6 {[%emt 0:00:01]} Qxd6 {[%emt 0:00:03]} 19. Rxd6 {[%emt 0:00:01]} exf4 {[%emt 0:00:01]} 20. exf4 {[%emt 0:00:01]} Ne4 {[%emt 0:00:02]} 21. Bxe4 {[%emt 0:00:02]} fxe4 {[%emt 0:00:01]} 22. Qxe4 {[%emt 0:00:01]} Bf5 {[%emt 0:00:02]} 23. Qd4 {[%emt 0:00:01]} Raf8 {[%emt 0:00:02]} 24. Rd8 {[%emt 0:00:01]} Bh3 {[%emt 0:00:02]} 25. Rxf8+ {[%emt 0:00:01]} Rxf8 {[%emt 0:00:02]} 26. Re1 {[%emt 0:00:00]} Nf5 {[%emt 0:00:02]} 27. Qd7 {[%emt 0:00:02]} b5 {[%emt 0:00:02]} 28. cxb5 {[%emt 0:00:01]} cxb5 {[%emt 0:00:01]} 29. Qd5+ {[%emt 0:00:01]} Kh8 {[%emt 0:00:02]} 30. Qxb5 {[%emt 0:00:00]} a6 {[%emt 0:00:02]} 31. Qxa6 {[%emt 0:00:01]} Nh6 {[%emt 0:00:04]} 32. Qb5 {[%emt 0:00:02]} Nf5 {[%emt 0:00:02]} 33. Re8 {[%emt 0:00:02] Time (Lag: Av=0.34s, max=0.4s) '} 1-0

[Event "Stay Safe Play From Home 297"]
[Site "Emanuel Lasker Arena"]
[Date "2020.07.14"]
[Round "8"]
[White "NeatFox"]
[Black "Lamborghini"]
[Result "0-1"]
[WhiteElo "1831"]
[BlackElo "2151"]
[Annotator "TA"]
[PlyCount "78"]
[EventDate "2020.07.14"]
[EventType "swiss (blitz)"]

{[%evp 9,78,-126,-133,-140,-121,-136,-81,-107,-95,-89,-67,-118,-67,-95,-23,-97,-68,-62,-51,-67,-55,-81,-56,-45,-9,-76,-82,-104,-111,-99,-93,-123,-89,-97,-17,-89,11,0,241,233,216,-23,-14,-135,100,0,276,74,83,54,145,96,140,0,0,-204,-92,-787,-229,-29994,-835,-867,-848,-1416,-1052,-29993,-29994,-29997,-29993,-29997,-5418]} 1. g4 e5 2. Bg2 d5 3. c4 dxc4 4. Qa4+ c6 5. Qxc4 Be6 6. Qc3 {A00: Irregular Openings.} Nd7 7. Nf3 {[#]} Qc7 $146 ({Don't play} 7... Bxg4 8. Nxe5 Nxe5 9. Qxe5+ Be6 10. Nc3 $15) (7... Ngf6 $142 {Strongly threatening ...Nd5.} 8. d3 Nd5) ({Predecessor:} 7... Ngf6 8. Nxe5 Nxe5 9. Qxe5 Nxg4 10. Qc3 Qb6 11. e3 Bb4 12. Qxg7 O-O-O 13. Nc3 f6 {0-1 (56) Maiorov,O (2266)-Rozzoni,D (2096) IECC email 2002}) 8. g5 {Black is better.} f5 9. gxf6 Ngxf6 10. d3 (10. Ng5 $15 Bg4 11. Qc2) 10... a5 (10... h6 $17 11. Nbd2 Nd5) 11. Bd2 Bd6 (11... h6 $17) 12. Qc1 (12. Ng5 $11 {keeps the balance.} Bf5 13. e4) 12... O-O 13. Nc3 Kh8 14. Qc2 Nh5 15. Rc1 Qb8 16. Ne4 Be7 17. Bc3 (17. h4 $1 $11) 17... Nf4 ({Weaker is} 17... Bxa2 18. b3 $16) 18. Bf1 a4 (18... Bxa2 19. b3 $16) 19. a3 Bb3 20. Qd2 Nd5 21. Rg1 Qc7 (21... Nxc3 $17 22. Nxc3 Nc5) 22. Nfg5 (22. Bh3 $11) 22... N7f6 ({Black should try} 22... Nxc3 $17 23. Rxc3 Nf6) 23. Ne6 $40 {[%mdl 128] White attacks.} Qd7 $2 (23... Nxe4 $11 {and Black has nothing to worry.} 24. dxe4 Bh4) 24. Nxf8 $18 Rxf8 25. Nxf6 $2 ({White should play} 25. Bxe5 $18 {Threatens to win with Qg5.} Bd8 26. Nc5) 25... Bxf6 $11 26. Bg2 (26. Bb4 $11 Nxb4 27. Qxb4) 26... Qe6 $2 (26... Qg4 $1 $17 27. h3 Bh4 28. hxg4 (28. e4 Qf4 $15) 28... Bxf2+ {[%mdl 64] Double Attack} 29. Kf1 Ne3+ 30. Qxe3 Bxe3+ 31. Bf3 e4 {[%mdl 64] Pin}) 27. Be4 ({Better is} 27. Bxd5 $16 Bxd5 28. Qe3) 27... g6 $2 {[%mdl 8192] [#]} (27... Bh4 $11 28. Bf3 h6) 28. Bb4 $2 (28. Rxg6 $1 $18 {[%mdl 512] is the precise move to win.} Rg8 (28... hxg6 29. Qh6+) 29. Rxg8+ Qxg8 30. Kf1) 28... Rf7 29. Bc5 Bg7 (29... Qh3 $14) 30. Be3 Nf4 31. Bxf4 (31. Rc5 $16) 31... exf4 32. f3 $2 (32. h4 $11) 32... Bd4 (32... Qh3 $19 33. Rg4 Qxh2) 33. Rc3 $2 {[%mdl 8192] This costs White the game.} (33. Kf1 $17) 33... Qf6 $2 (33... Be3 34. Rg4 Qe5) 34. Rc4 $2 (34. Kf1 $19) 34... Bxc4 (34... Qh4+ $142 35. Rg3 fxg3 36. Qh6 g2+ 37. Kd2 Qxh6+ 38. f4 Qxf4+ 39. Ke1 g1=Q#) 35. dxc4 Bxg1 36. Qd3 Be3 {Hoping for ...Kg8.} 37. Qxe3 fxe3 {Black mates.} 38. Kd1 Qd4+ 39. Bd3 Qxd3+ {Accuracy: White = 24%, Black = 23%.} (39... Qxb2 $142 40. Bc2 Qa1+ 41. Bb1 Qxb1#) 0-1

[Event "Stay Safe Play From Home 297"]
[Site "Emanuel Lasker Arena"]
[Date "2020.07.14"]
[Round "8"]
[White "Perca"]
[Black "TheCHESSHOUSE"]
[Result "0-1"]
[WhiteElo "1526"]
[BlackElo "1955"]
[Annotator "TA"]
[PlyCount "44"]
[EventDate "2020.07.14"]
[EventType "swiss (blitz)"]

{[%evp 9,43,-2,-2,-43,-42,-67,-58,-111,-53,-116,-129,-208,-158,-214,-208,-193,-204,-194,-118,-125,-113,-211,-190,-185,-192,-325,-239,-230,-232,-218,-225,-564,-347,-29998,-29999,-29999]} 1. e4 c5 2. d3 d6 3. Be3 Nf6 4. Nc3 g6 5. Qd2 Bg7 6. O-O-O {B20: Sicilian: Unusual White 2nd moves.} Nc6 {[#]} 7. h4 $146 ({Predecessor:} 7. Bh6 O-O 8. Bxg7 Kxg7 9. Be2 Bg4 10. f3 Be6 11. Kb1 Nd4 12. Bf1 b5 13. Nce2 Nxe2 14. Qxe2 {0-1 (24) Schoenbuchner,G (1016)-Popov,M (984) LSS email 2012}) 7... h5 8. Be2 (8. Nf3 $15) 8... Bd7 (8... Rb8 $17) 9. Nh3 (9. Kb1 $15) 9... Rb8 $17 10. Rdg1 (10. Bg5 $17) 10... b5 $19 {[%cal Bb7b5,Bb5b4][%mdl 32]} 11. f3 (11. Kb1 $17) 11... b4 12. Nd1 Qa5 13. Kb1 Nd4 (13... Rb6 $19 {Threatens to win with ...Be6.} 14. d4 cxd4) 14. Bxd4 $17 cxd4 15. g4 (15. b3 $17) 15... hxg4 16. fxg4 Rxh4 17. g5 (17. b3 {was necessary.}) 17... Rxh3 (17... Bxh3 $2 18. gxf6 Bxf6 19. b3 $17) 18. Rxh3 Bxh3 19. gxf6 Bxf6 $40 {[%mdl 128] Black is out for blood.} 20. Rh1 $2 (20. b3) 20... Be6 21. Nf2 $2 {[#]} (21. b3 $19) 21... Qxa2+ 22. Kc1 Qa1# {Accuracy: White = 17%, Black = 75%.} 0-1

[Event "Stay Safe Play From Home 297"]
[Site "Emanuel Lasker Arena"]
[Date "2020.07.14"]
[Round "9"]
[White "AChessPlayer"]
[Black "Lamborghini"]
[Result "1-0"]
[WhiteElo "2415"]
[BlackElo "2156"]
[Annotator "TA"]
[PlyCount "149"]
[EventDate "2020.07.14"]
[EventType "swiss (blitz)"]

{[%evp 13,148,-10,19,-30,-3,-43,-35,-67,-72,-64,-54,-156,-95,-137,-73,-140,17,-37,13,-58,-4,-60,0,0,43,38,40,27,35,12,24,-7,0,0,10,-66,-66,-58,-15,-74,0,0,183,17,23,13,112,97,89,0,50,-100,-107,-350,-364,-468,-383,-429,-355,-377,-383,-427,-428,-412,-410,-418,-400,-479,-472,-520,-368,-359,-264,-525,-521,-510,10,45,102,92,86,75,56,-8,20,17,396,379,826,814,918,875,722,721,1608,1175,29968,29968,29967,29969,29962,29968,29968,29973,29972,6095,29984,29984,29986,29987,29987,29988,29989,29988,29989,29988,29989,29988,29990,29989,29990,29991,29993,29993,29995,29993,29993,29993,29994,29995,29995,29996,29996,29997,29997,29998,29999]} 1. d3 g6 2. Nf3 Bg7 3. g3 e5 4. Bg2 d6 5. O-O Ne7 6. c4 O-O 7. Nc3 c6 8. Be3 {A21: English Opening: 1...e5 2 Nc3.} Nd7 {[#]} 9. Qd2 $146 ({Predecessor:} 9. Qc1 Nf5 10. Bd2 Nb6 11. e4 Ne7 12. Bh6 f6 13. Bxg7 Kxg7 14. b4 Be6 15. c5 dxc5 16. bxc5 {½-½ (34) Jurasek,M (2260)-Kopta,P (2287) Czechia 2013}) 9... Nf5 10. Bg5 {Black is slightly better.} f6 11. Be3 Nxe3 12. fxe3 {[#]} ({White has to play} 12. Qxe3 $15 f5 13. Rad1) 12... Qb6 (12... Bh6 $142 $1 13. Ne1 f5) 13. d4 Qc7 (13... f5 $142 14. Rad1 e4) 14. b3 {[#]} (14. d5 $142) 14... b6 $2 (14... Bh6 $1 $17 15. d5 f5) 15. Rac1 (15. d5 $11) 15... Bb7 16. Ne1 (16. d5 $11) 16... Rae8 (16... f5 $15) 17. Nd3 (17. d5 $11) 17... Qb8 ({Black should try} 17... f5 $15 18. d5 e4) 18. d5 c5 19. e4 a6 20. a4 Bc8 21. Rb1 Qc7 22. Nd1 {[%cal Bc3d1,Bd1f2,Bf2g4][%mdl 32]} Rf7 23. N1f2 Ref8 24. b4 (24. Bh3 $11) 24... cxb4 $15 25. Qxb4 Bh6 26. Kh1 (26. Ng4 $11 {remains equal.} Bg7 27. Ngf2) 26... Be3 (26... f5 $17) 27. Ng4 $11 Bd4 $2 (27... a5 $11 {and Black is okay.} 28. Qb5 Bg5) 28. e3 $2 (28. Nh6+ $18 Kg7 29. Nxf7 Rxf7 30. Qd2) 28... Bc5 $1 {[%cal Rc5b4]} 29. Nxc5 dxc5 (29... bxc5 $11 {keeps the balance.} 30. Qb2 Kg7) 30. Qd2 Kg7 31. a5 (31. Nf2 $16) 31... bxa5 {White should prevent ...Nb6.} (31... b5 $5) 32. Ra1 (32. Qb2 $14 {keeps the upper hand.}) 32... Nb6 $17 33. Qxa5 $2 (33. Qe2 $17 {was worth a try.}) 33... Bxg4 $19 34. h3 Bc8 35. Qc3 Qd6 36. Rfb1 Nd7 37. Rb2 f5 38. exf5 gxf5 39. Rf1 Qf6 40. Rbf2 e4 41. Qc2 Ne5 42. Bxe4 Qg6 43. Bg2 $2 (43. Qc3 {was called for.} Qd6 44. Bc2) 43... Kh8 44. Qc3 Rg7 $2 (44... Qxg3 $19 45. Rf3 Qg7) 45. Qxe5 $11 Qxg3 (45... Re8 $14 46. Qf4 Qxg3) 46. Qxg3 $16 Rxg3 47. Rf3 Rxf3 48. Rxf3 {[%mdl 4096] Endgame KRB-KRB} ({White should play} 48. Bxf3 $14 Kg7 49. Kg2) 48... Bd7 49. e4 {Strongly threatening e5.} Ra8 $2 {[%mdl 8192]} (49... Re8 $1 $11 {and Black has nothing to worry.}) 50. e5 $18 a5 $2 (50... Bc8 51. Rf1 a5) 51. e6 Bxe6 52. dxe6 {KRB-KR} Re8 53. Rxf5 Kg7 54. Rxc5 Kg6 55. Bd5 a4 56. Ra5 Kf6 57. Rxa4 Ke5 58. Ra7 Kd6 59. Rd7+ Kc5 60. e7 {White mates.} h5 {[#]} 61. Bf7 $1 Rxe7 62. Rxe7 h4 63. Bh5 Kd4 64. Bg4 Kc5 65. Rh7 Kd6 66. Rxh4 Ke5 67. Rh5+ Kf4 68. Rf5+ Kg3 69. Rf3+ Kh4 70. c5 Kg5 71. c6 Kh4 72. c7 Kg5 73. c8=Q Kh6 74. Qf8+ Kg5 75. Qf6# {White used his chance. Accuracy: White = 34%, Black = 35%.} 1-0

[Event "Stay Safe Play From Home 297"]
[Site "Emanuel Lasker Arena"]
[Date "2020.07.14"]
[Round "9"]
[White "Mepe_Nika"]
[Black "Broken sword"]
[Result "1-0"]
[WhiteElo "2394"]
[BlackElo "2438"]
[Annotator "TA"]
[PlyCount "175"]
[EventDate "2020.07.14"]
[EventType "swiss (blitz)"]

{[%evp 9,174,27,38,31,49,13,29,37,35,34,71,22,16,19,46,33,47,39,42,-21,19,4,43,36,33,27,31,12,93,0,0,0,25,0,113,82,150,151,163,36,47,30,56,45,45,46,46,46,35,38,53,-8,-8,-8,-8,-8,14,18,51,6,3662,2481,1546,1115,29967,29968,29968,29969,29971,29972,29972,29973,29972,29974,29974,29974,29974,29974,29974,29975,29975,29975,29978,29979,29982,29980,29980,29980,29980,29980,29980,29981,29982,29979,29982,29981,29981,29982,29982,29982,29983,29984,29984,29985,29986,29986,29986,29985,29985,29983,29984,29985,29985,29986,29986,29987,29987,29987,29987,29988,29989,29987,29987,29988,29989,29987,29987,29988,29988,29989,29989,29989,29989,0,29989,29990,29991,29989,29989,29990,29990,29991,29991,29990,29991,29989,29989,29990,29990,29990,29990,29991,29991,29992,29992,29993,29993,29994,29996,29997,29997,29997,29997,29997,29997,29997,29999]} 1. d4 d5 2. Bf4 c5 3. c3 Nc6 4. e3 Qb6 5. Qb3 c4 6. Qc2 {D00: 1 d4 d5: Unusual lines.} Bg4 7. Nd2 Nf6 8. b3 {White has an edge.} cxb3 $1 9. axb3 e6 {[#]} 10. Be2 $146 (10. b4 {seems wilder.} Nh5 11. b5 Ne7 12. Bg3 Nxg3 13. hxg3 Qc7 14. Ngf3) ({Predecessor:} 10. Bd3 Rc8 11. Qb1 a5 12. Ngf3 Be7 13. O-O Bh5 14. c4 Bg6 15. c5 Qd8 16. Ne5 Nxe5 17. Bxe5 {½-½ (33) Korpa,B (2505)-Kaczur,F (2473) Hungary 2019}) 10... Bf5 11. Bd3 Bg6 12. Ngf3 Rc8 {[#] Threatens to win with ...Nb4!} 13. Bxg6 hxg6 14. Qb2 (14. c4 $14) 14... Be7 15. O-O O-O 16. h3 a6 17. Rfb1 Rfd8 18. c4 Bf8 (18... dxc4 $11 19. bxc4 Qxb2 20. Rxb2 Bb4) 19. Ne5 (19. c5 $16 Qb4 20. Qc2) 19... Nxe5 $11 20. Bxe5 Nd7 21. c5 Qc6 (21... Qb4 $11 {remains equal.}) 22. Bg3 Be7 (22... a5 $142) 23. b4 Bf6 24. b5 ({Better is} 24. Ra5 $18) 24... axb5 $1 $14 25. Qxb5 e5 26. Qxc6 ({Much weaker is} 26. Qxb7 exd4 27. Qxc6 Rxc6 $15) 26... bxc6 27. Nf3 {[%cal Rd4e5]} exd4 28. exd4 Nf8 29. Ra6 $36 {[%mdl 2048] Black is under pressure.} Ne6 30. Rbb6 (30. Rb4 $14) 30... Nxd4 $11 31. Nxd4 Bxd4 32. Rxc6 Rxc6 33. Rxc6 {[%mdl 4096] Endgame KRB-KRB} Bf6 34. Rd6 {[#] Black must now prevent Rxd8+.} Rxd6 $4 {[%mdl 8192] Black is now going downhill.} (34... Rc8 $11) 35. Bxd6 {KB-KB} Bd8 36. c6 d4 37. c7 Bxc7 38. Bxc7 {KB-KP} f6 39. Kf1 Kf7 40. Ke2 Ke6 41. Kd3 Kd5 42. Ba5 Ke5 43. Bb6 Kf5 44. Bxd4 {KB-K3P} g5 45. g4+ Ke6 46. Ke4 g6 47. Be3 f5+ 48. Kf3 Kf6 49. Bd4+ Ke6 50. Kg3 Kf7 51. f3 Ke6 52. Kf2 Kf7 53. Ke3 Ke6 54. Bb6 Ke7 55. Kd4 Ke6 56. Bd8 Kf7 57. Bxg5 {KB-KPP} Ke6 58. Bd2 Kd6 59. Ke3 Ke6 60. Kf4 Kf6 61. g5+ Ke6 62. h4 Kd5 63. Bc3 Ke6 64. Bf6 Kf7 65. Ke3 Ke6 66. Kd4 Kd6 67. Be5+ Ke6 68. f4 Kd7 69. Kd5 Ke7 70. Kc5 Kd7 71. Kd5 Ke7 72. Bd4 {White mates.} Kd7 73. Ke5 Ke7 74. Bc5+ Kf7 75. Kd6 Ke8 76. Ke6 Kd8 77. Kf6 Kc7 78. Kxg6 {KB-KP} Kc6 79. h5 Kd5 80. Kxf5 Kc4 81. h6 Kb5 82. h7 Kc4 83. h8=Q Kd3 84. Qd4+ Ke2 85. Qe3+ Kd1 86. Qf2 Kc1 87. Bd4 Kb1 88. Qb2# {Accuracy: White = 69%, Black = 61%.} 1-0

[Event "Stay Safe Play From Home 297"]
[Site "Emanuel Lasker Arena"]
[Date "2020.07.14"]
[Round "9"]
[White "BrainThinker22"]
[Black "Little champs"]
[Result "0-1"]
[WhiteElo "2388"]
[BlackElo "2238"]
[Annotator "NA"]
[PlyCount "122"]
[EventDate "2020.07.14"]
[EventType "swiss (blitz)"]

1. e4 {[%emt 0:00:00]} c5 {[%emt 0:00:01]} 2. d4 {[%emt 0:00:00]} d6 {[%emt 0:00:00]} 3. dxc5 {[%emt 0:00:01]} Qa5+ {[%emt 0:00:01]} 4. Nc3 {[%emt 0:00:01]} Qxc5 {[%emt 0:00:00]} 5. Be3 {[%emt 0:00:00]} Qc7 {[%emt 0:00:01]} 6. Nf3 {[%emt 0:00:00]} a6 {[%emt 0:00:00]} 7. Bd3 {[%emt 0:00:01]} e6 {[%emt 0:00:01]} 8. O-O {[%emt 0:00:00]} Nc6 {[%emt 0:00:00]} 9. Re1 {[%emt 0:00:00]} Nf6 {[%emt 0:00:00]} 10. Na4 {[%emt 0:00:01]} Nd7 {[%emt 0:00:01]} 11. c4 {[%emt 0:00:03]} Be7 {[%emt 0:00:01]} 12. h3 {[%emt 0:00:01]} O-O {[%emt 0:00:00]} 13. Rc1 {[%emt 0:00:01]} Rb8 {[%emt 0:00:00]} 14. Nc3 {[%emt 0:00:01]} Nde5 {[%emt 0:00:01]} 15. Nxe5 {[%emt 0:00:02]} Nxe5 {[%emt 0:00:01]} 16. b3 {[%emt 0:00:00]} Bd7 {[%emt 0:00:01]} 17. Bd4 {[%emt 0:00:01]} Nxd3 {[%emt 0:00:01]} 18. Qxd3 {[%emt 0:00:00]} f6 {[%emt 0:00:01]} 19. Red1 {[%emt 0:00:02]} Rbc8 {[%emt 0:00:01]} 20. Be3 {[%emt 0:00:03]} Rfd8 {[%emt 0:00:01]} 21. Bf4 {[%emt 0:00:01]} Be8 {[%emt 0:00:01]} 22. Qg3 {[%emt 0:00:01]} Bf7 {[%emt 0:00:03]} 23. Bh6 {[%emt 0:00:01]} Bf8 {[%emt 0:00:01]} 24. Bf4 {[%emt 0:00:00]} Rd7 {[%emt 0:00:03]} 25. Be3 {[%emt 0:00:01]} Rcd8 {[%emt 0:00:01]} 26. Na4 {[%emt 0:00:01]} d5 {[%emt 0:00:04]} 27. cxd5 {[%emt 0:00:01]} Qxg3 {[%emt 0:00:02]} 28. fxg3 {[%emt 0:00:00]} exd5 {[%emt 0:00:00]} 29. Nb6 {[%emt 0:00:01]} Rd6 {[%emt 0:00:01]} 30. exd5 {[%emt 0:00:03]} Bxd5 {[%emt 0:00:01]} 31. Na4 {[%emt 0:00:07]} Bc6 {[%emt 0:00:01]} 32. Rxd6 {[%emt 0:00:01]} Rxd6 {[%emt 0:00:01]} 33. Nc5 {[%emt 0:00:01]} Rd5 {[%emt 0:00:01]} 34. Ne4 {[%emt 0:00:04]} Re5 {[%emt 0:00:02]} 35. Nc3 {[%emt 0:00:01]} Rxe3 {[%emt 0:00:01]} 36. Kf2 {[%emt 0:00:01]} Bc5 {[%emt 0:00:03]} 37. Kf1 {[%emt 0:00:02]} Rxg3 {[%emt 0:00:02]} 38. a4 {[%emt 0:00:02]} Rxg2 {[%emt 0:00:03]} 39. Re1 {[%emt 0:00:01]} Rf2+ {[%emt 0:00:01]} 40. Kg1 {[%emt 0:00:01]} Rc2+ {[%emt 0:00:01]} 41. Kf1 {[%emt 0:00:02]} Rxc3 {[%emt 0:00:00]} 42. Rd1 {[%emt 0:00:01]} Rxb3 {[%emt 0:00:01]} 43. Rd8+ {[%emt 0:00:00]} Bf8 {[%emt 0:00:01]} 44. Ke2 {[%emt 0:00:00]} Rb4 {[%emt 0:00:00]} 45. Kd2 {[%emt 0:00:00]} Rxa4 {[%emt 0:00:00]} 46. Kc3 {[%emt 0:00:00]} Ra5 {[%emt 0:00:01]} 47. Rd1 {[%emt 0:00:00]} Rc5+ {[%emt 0:00:01]} 48. Kb4 {[%emt 0:00:00]} Rb5+ {[%emt 0:00:01]} 49. Kc3 {[%emt 0:00:00]} h6 {[%emt 0:00:00]} 50. Kd2 {[%emt 0:00:00]} a5 {[%emt 0:00:00]} 51. Ke1 {[%emt 0:00:00]} a4 {[%emt 0:00:00]} 52. Rc1 {[%emt 0:00:00]} Ra5 {[%emt 0:00:00]} 53. Rd1 {[%emt 0:00:00]} a3 {[%emt 0:00:00]} 54. Ra1 {[%emt 0:00:00]} a2 {[%emt 0:00:02]} 55. Kd2 {[%emt 0:00:00]} Bc5 {[%emt 0:00:01]} 56. Kc2 {[%emt 0:00:00]} Bd4 {[%emt 0:00:00]} 57. Rd1 {[%emt 0:00:00]} Ba4+ {[%emt 0:00:01]} 58. Kd2 {[%emt 0:00:01]} Bxd1 {[%emt 0:00:00]} 59. Kd3 {[%emt 0:00:00]} a1=Q {[%emt 0:00:00]} 60. Ke4 {[%emt 0:00:00]} Qc3 {[%emt 0:00:00]} 61. Kf4 {[%emt 0:00:01]} Qe3# {[%emt 0:00:01] (Lag: Av=0.87s, max=2.3s)} 0-1